Statistics for Green Day Albums

Click here to take the quiz!

General Stats

  • This quiz has been taken 2,574 times
    (2,456 since last reset)
  • The average score is 10 of 13

Answer Stats

Year Album % Correct
2004American Idiot
98%
1994Dookie
95%
2012¡Tré!
88%
2012¡Dos!
88%
2012¡Uno!
88%
200921st Century Breakdown
80%
1997Nimrod
78%
2000Warning
73%
1992Kerplunk
65%
1995Insomniac
63%
2001International Superhits!
51%
19911,039/Smoothed Out Slappy Hours
46%
2002Shenanigans
42%

Score Distribution

Percentile by Number Answered

Percent of People with Each Score

Your Score History

You have not taken this quiz since the last reset